000 00909nam a2200229 a 4500
005 20180803165133.0
008 140312s1998 ck d fr||||o000 0 spa d
040 _aCO-BoIAVH
_cCO-BoIAVH
041 0 _aspa
044 _ack
082 0 4 _a641.33851
_bM66i
110 2 _aColombia.
_b Ministerio del Medio Ambiente
245 1 0 _aInforme preliminar sobre la situación ambiental de la cadena de oleaginosas (palma de aceite) en Colombia :
_baspectos agronómicos, productivos y ambientales /
_cMinisterio del Medio Ambiente.
260 _aBogotá :
_bMinisterio del Medio Ambiente ,
_c1998.
300 _a112 páginas :
_bilustraciones y gráficos ;
_c27 cm.
650 1 6 _aPlantas oleaginosas
650 2 6 _aCultivos de palma de aceite
650 6 _aProducción limpia
650 2 6 _aGestión ambiental sectorial
650 2 6 _aImpacto ambiental
942 _cLIBRO
_2ddc
999 _c3938
_d3938